[Event "Eq:La Taverne-Royal chess : "]
[Site "www.chess-mail.com"]
[Date "2016.05.31"]
[Round "1"]
[White "Genius7"]
[Black "Louis"]
[WhiteElo "1850"]
[BlackElo "1940"]
[Result "1-0"]
[Round "1"]
1.d4 d5
2.c4 e6
3.Nb1c3 Ng8f6
4.cxd5 exd5
5.Bc1g5 Bf8e7
6.e3 c6
7.Ng1f3 Bc8f5
8.Bf1d3 Bf5xd3
9.Qd1xd3 Nb8d7
10.O-O O-O
11.Bg5xf6 Nd7xf6
12.Nf3e5 Be7d6
13.Rf1e1 Rf8e8
14.Ne5f3 Nf6e4
15.Qd3c2 f5
16.Ra1d1 { resign }
1-0

[Event "Tourn. n8771"]
[Site "www.chess-mail.com"]
[Date "2016.06.01"]
[Round "1"]
[White "Robert66"]
[Black "Estonia"]
[WhiteElo "2090"]
[BlackElo "1950"]
[Result "0-1"]
[Round "1"]
1.d4 Ng8f6
2.c4 e6
3.Ng1f3 Bf8b4
4.Nb1c3 O-O
5.e3 d5
6.cxd5 Nf6xd5
7.Bc1d2 c5
8.dxc5 Bb4xc5
9.Bf1d3 Nb8c6
10.O-O e5
11.e4 Nd5b4
12.Bd3c4 Bc8g4
13.h3 Bg4h5
14.Bc4e2 Bh5xf3
15.Be2xf3 Bc5d4
16.a3 Nb4a6
17.Qd1c2 Ra8c8
18.Ra1c1 Na6c7
19.Rf1d1 Qd8h4
20.Rd1f1 Nc7e6
21.Nc3d5 Ne6g5
22.Bd2xg5 Qh4xg5
23.Qc2e2 f5
24.exf5 Rc8e8
25.Qe2c4 Kh8
26.Bf3g4 h5
27.Bg4f3 Rf8xf5
28.Bf3e4 Rf5f8
29.Qc4d3 h4
30.b4 a6
31.Nd5c3 Qg5g3
32.Qd3xg3 hxg3
33.Be4f3 gxf2
34.Kh1 Rf8f5
35.Nc3e4 Re8f8
36.Ne4xf2 Bd4xf2
37.Rf1xf2 e4
{ resign }
0-1

[Event "Tourn. n8782"]
[Site "www.chess-mail.com"]
[Date "2016.06.01"]
[Round "1"]
[White "Vitoriccardo"]
[Black "Wegaman"]
[WhiteElo "1920"]
[BlackElo "1920"]
[Result "1-0"]
[Round "1"]
1.e4 e6
2.d4 d5
3.Nb1c3 c5
4.Ng1f3 Nb8c6
5.Bf1b5 Qd8b6
6.Bc1e3 a6
7.Bb5xc6 bxc6
8.Nc3a4 Qb6a5
9.c3 dxe4
10.Nf3e5 Qa5c7
11.O-O cxd4
12.Be3xd4 Ng8f6
13.Ne5g4 Nf6xg4
14.Qd1xg4 e5
15.Bd4b6 Bc8xg4
16.Bb6xc7 f6
17.Rf1e1 Bg4f5
18.Ra1d1 Bf8e7
19.Bc7d6 Be7xd6
20.Rd1xd6 c5
21.Na4xc5 a5
22.Nc5xe4 O-O
23.Ne4c5 Rf8b8
24.b3 Rb8c8
25.Nc5a4 h6
26.Na4b6 Ra8b8
27.Nb6xc8 Rb8xc8
28.c4 { resign }
1-0

[Event "Tourn. n8664"]
[Site "www.chess-mail.com"]
[Date "2016.06.01"]
[Round "1"]
[White "Knightjumper"]
[Black "Paul30"]
[WhiteElo "1690"]
[BlackElo "1820"]
[Result "0-1"]
[Round "1"]
1.c4 Ng8f6
2.Ng1f3 g6
3.Nb1c3 Bf8g7
4.d4 O-O
5.g3 c6
6.e4 d6
7.Bf1g2 e5
8.d5 Nb8d7
9.O-O Nd7c5
10.Qd1c2 Rf8e8
11.Bc1g5 h6
12.Bg5xf6 Bg7xf6
13.Ra1d1 a6
14.b4 Nc5d7
15.dxc6 bxc6
16.Rd1xd6 Bf6e7
17.Rd6d2 Be7xb4
18.Rd2d1 Qd8e7
19.Rd1b1 a5
20.Rb1c1 Nd7b6
21.Nc3a4 Nb6xa4
22.Qc2xa4 Bc8d7
23.Qa4b3 Ra8b8
24.Qb3c2 f6
25.Rc1b1 Bd7e6
26.Rf1c1 Kg7
27.Rc1d1 Rb8d8
28.h3 Rd8xd1
29.Rb1xd1 Re8d8
30.Rd1xd8 Qe7xd8
31.Kh2 Bb4c5
32.Kg1 g5
33.Kh2 Qd8b6
34.Kg1 Qb6b4
35.Bg2f1 a4
36.Kg2 a3
37.Nf3d2 Qb4b2
38.Bf1d3 Qb2xc2
39.Bd3xc2 Bc5b4
40.Nd2f1 Be6xc4
41.Bc2b1 Kg6
42.Nf1e3 Bc4e6
43.Kf1 Be6xh3
44.Ke2 Bh3e6
45.Ne3c2 Bb4c5
46.Nc2e1 h5
47.Ne1d3 Bc5e7
48.Kd2 c5
49.Kc3 h4
{ resign }
0-1

[Event "Tourn. n8782"]
[Site "www.chess-mail.com"]
[Date "2016.06.01"]
[Round "1"]
[White "Jesmantiz"]
[Black "Wegaman"]
[WhiteElo "1900"]
[BlackElo "1920"]
[Result "1-0"]
[Round "1"]
1.d4 d5
2.e3 e5
3.dxe5 Nb8c6
4.f4 f6
5.exf6 Ng8xf6
6.Ng1f3 Bf8c5
7.Bf1d3 O-O
8.O-O Bc8d7
9.c3 Qd8e8
10.Nf3d4 Nc6xd4
11.cxd4 Bc5b6
12.Nb1c3 c5
13.Bd3c2 cxd4
14.exd4 Bd7g4
15.Qd1d3 Ra8c8
16.Bc1d2 Qe8d7
17.Ra1e1 a6
18.Kh1 Bb6c7
19.Nc3xd5 Qd7xd5
20.Bc2b3 { resign }
1-0

[Event "Tourn. n8710"]
[Site "www.chess-mail.com"]
[Date "2016.06.01"]
[Round "1"]
[White "Shlomo"]
[Black "Gandalf"]
[WhiteElo "1700"]
[BlackElo "1610"]
[Result "0-1"]
[Round "1"]
1.e4 c5
2.d4 cxd4
3.Qd1xd4 Nb8c6
4.Qd4e3 e6
5.Ng1f3 d6
6.Bf1c4 Ng8f6
7.Nb1c3 Bf8e7
8.O-O O-O
9.Rf1d1 Bc8d7
10.e5 dxe5
11.Nf3xe5 Nc6xe5
12.Qe3xe5 Qd8c8
13.b3 Bd7c6
14.Bc1e3 Rf8d8
15.Rd1d3 Rd8xd3
16.cxd3 Nf6g4
17.Qe5g3 Ng4xe3
18.fxe3 Be7f6
19.d4 a6
20.Ra1f1 Kf8
21.a4 Qc8b8
22.Nc3e2 Qb8xg3
23.Ne2xg3 Ra8d8
24.b4 Bc6xa4
25.Ng3e4 Bf6e7
26.Bc4xe6 f6
27.Ne4g5 h6
28.Ng5f7 Rd8c8
29.d5 Rc8e8
30.Rf1c1 Be7xb4
31.d6 Re8xe6
32.Nf7d8 Re6xe3
33.Rc1d1 Bb4c5
34.Kf1 Ba4b5
{ resign }
0-1

[Event "Tourn. n8780"]
[Site "www.chess-mail.com"]
[Date "2016.06.01"]
[Round "1"]
[White "Jesmantiz"]
[Black "Viru"]
[WhiteElo "1900"]
[BlackElo "1819"]
[Result "1-0"]
[Round "1"]
1.d4 d5
2.e3 Ng8f6
3.Bf1d3 g6
4.Nb1d2 Bf8h6
5.f4 Nf6g4
6.Qd1e2 O-O
7.Ng1f3 b6
8.O-O f5
9.Nf3e5 c5
10.c3 c4
11.Bd3c2 a5
12.b3 b5
13.Ne5xg4 fxg4
14.bxc4 bxc4
15.g3 Nb8c6
16.e4 e6
17.e5 Nc6e7
18.Qe2xg4 Ne7f5
19.Nd2f3 Nf5e3
20.Bc1xe3 Ra8b8
21.Qg4h3 Kg7
22.g4 Bh6xf4
23.Be3f2 Rb8b2
24.Nf3e1 Bf4d2
25.Bc2a4 Qd8e7
26.Ne1f3 Bd2xc3
27.Bf2h4 Qe7a3
28.Bh4f6 Kg8
29.Qh3h6 Rf8f7
30.Ba4e8 Rf7a7
31.Ra1d1 Rb2xa2
32.Nf3h4 Qa3b2
33.Qh6f4 Bc8d7
34.Be8f7 Kxf7
35.Bf6h8 Ke7
36.Qf4f8 { resign }
1-0

[Event "Tourn. n8788"]
[Site "www.chess-mail.com"]
[Date "2016.06.01"]
[Round "1"]
[White "1xdia"]
[Black "Claudia"]
[WhiteElo "2080"]
[BlackElo "1870"]
[Result "0-1"]
[Round "1"]
1.e4 c5
2.Ng1f3 d6
3.d4 cxd4
4.Nf3xd4 Ng8f6
5.Nb1c3 e6
6.Bc1e3 Nb8c6
7.f4 Bf8e7
8.Bf1e2 a6
9.g4 Nc6xd4
10.Qd1xd4 O-O
11.O-O-O b5
12.g5 Nf6d7
{ resign }
0-1

[Event "Tourn. n8698"]
[Site "www.chess-mail.com"]
[Date "2016.06.01"]
[Round "1"]
[White "Scasan55"]
[Black "Milkyway"]
[WhiteElo "2170"]
[BlackElo "2269"]
[Result "0-1"]
[Round "1"]
1.e4 d5
2.exd5 Qd8xd5
3.Nb1c3 Qd5a5
4.d4 Ng8f6
5.Bc1d2 c6
6.Nc3e4 Qa5d8
7.Ne4xf6 exf6
8.c3 Bf8d6
9.Bf1d3 O-O
10.Ng1e2 Rf8e8
11.O-O Nb8d7
12.Qd1c2 Nd7f8
13.Bd2f4 Re8xe2
14.Qc2xe2 Bd6xf4
15.Ra1e1 Nf8g6
16.Bd3xg6 fxg6
17.Qe2c4 Kh8
18.Re1d1 Qd8d6
19.g3 Bf4h6
20.Rf1e1 Bc8h3
21.d5 c5
22.Re1e6 Bh3xe6
23.Qc4e4 Be6f7
 { time }
0-1

[Event "Tourn. n8797"]
[Site "www.chess-mail.com"]
[Date "2016.06.01"]
[Round "1"]
[White "Olddog55"]
[Black "Daquata"]
[WhiteElo "1630"]
[BlackElo "1670"]
[Result "0-1"]
[Round "1"]
1.d4 Ng8f6
2.Ng1f3 d5
3.e3 Bc8g4
4.Bf1d3 e6
5.O-O c5
6.c3 Nb8c6
7.Qd1a4 Bg4xf3
8.gxf3 Bf8d6
9.e4 cxd4
10.cxd4 dxe4
11.fxe4 Bd6e7
12.Qa4b5 Qd8c7
13.f4 O-O
14.Rf1f3 Nc6xd4
{ resign }
0-1

[Event "Tourn. n8788"]
[Site "www.chess-mail.com"]
[Date "2016.06.01"]
[Round "1"]
[White "1xdia"]
[Black "Gfalk"]
[WhiteElo "2080"]
[BlackElo "1890"]
[Result "0-1"]
[Round "1"]
1.e4 c5
2.Ng1f3 e6
3.d4 cxd4
4.Qd1xd4 Nb8c6
5.Qd4c4 d6
6.Bc1e3 Ng8f6
7.Nb1d2 Bc8d7
8.h3 Ra8c8
9.Qc4b3 Nc6a5
10.Qb3d3 a6
11.b3 b5
12.Bf1e2 Bf8e7
13.O-O O-O
14.Ra1c1 Na5c6
15.c3 Qd8c7
16.c4 Nc6b4
17.Qd3b1 Qc7b7
18.cxb5 Bd7xb5
19.Be2xb5 Qb7xb5
{ resign }
0-1

[Event "Tourn. n8767"]
[Site "www.chess-mail.com"]
[Date "2016.06.01"]
[Round "1"]
[White "Traub"]
[Black "Cal"]
[WhiteElo "1460"]
[BlackElo "1560"]
[Result "0-1"]
[Round "1"]
1.e4 e5
2.Ng1f3 d6
3.d4 exd4
4.Nf3xd4 c5
5.Nd4b3 h6
6.c4 Nb8c6
7.Bc1f4 Ng8f6
8.Nb1c3 a6
9.Bf1e2 Bc8e6
10.O-O b6
11.Qd1d2 Bf8e7
12.Bf4g3 O-O
13.f4 { time. }
0-1

[Event "Tourn. n8748"]
[Site "www.chess-mail.com"]
[Date "2016.06.01"]
[Round "1"]
[White "Pimpampum"]
[Black "Genius2"]
[WhiteElo "2030"]
[BlackElo "2040"]
[Result "1-0"]
[Round "1"]
1.g3 d5
2.Bf1g2 Ng8f6
3.c4 c6
4.b3 Bc8f5
5.Bc1b2 e6
6.Ng1f3 Bf8d6
7.O-O O-O
8.d3 Nb8d7
9.Nb1d2 Qd8e7
10.Rf1e1 Bd6a3
11.Bb2xa3 Qe7xa3
12.Nf3h4 Bf5g6
13.Nh4xg6 hxg6
14.e4 Nd7c5
15.Qd1c2 dxe4
16.Nd2xe4 Nc5xe4
17.dxe4 Rf8d8
18.e5 Nf6d7
19.Ra1d1 Nd7f8
20.Re1e2 Qa3c5
21.Kh1 Rd8xd1
{ time. }
1-0

[Event "Tourn. n8732"]
[Site "www.chess-mail.com"]
[Date "2016.06.01"]
[Round "1"]
[White "Mars91"]
[Black "Faerieking"]
[WhiteElo "2020"]
[BlackElo "2280"]
[Result "1-0"]
[Round "1"]
1.Nb1c3 Ng8f6
2.e4 e5
3.g3 Nb8c6
4.Bf1g2 Bf8c5
5.Ng1e2 d6
6.O-O O-O
7.d3 Bc8g4
8.h3 Bg4h5
9.Bc1e3 Bc5xe3
10.fxe3 Qd8d7
11.Rf1xf6 gxf6
12.Nc3d5 Kg7
13.Qd1f1 Qd7d8
14.g4 Bh5g6
15.Qf1f3 Rf8e8
16.Ra1f1 Re8e6
17.h4 h6
18.Ne2g3 a5
19.a3 b5
20.c3 b4
21.axb4 axb4
22.Bg2h3 bxc3
23.bxc3 Ra8a2
24.Ng3h5 Bg6xh5
25.gxh5 { resign }
1-0

[Event "Tourn. n8716"]
[Site "www.chess-mail.com"]
[Date "2016.06.01"]
[Round "1"]
[White "Jackbauer"]
[Black "Coventry"]
[WhiteElo "1940"]
[BlackElo "1910"]
[Result "0-1"]
[Round "1"]
1.e4 d6
2.f4 Ng8f6
3.Nb1c3 g6
4.Ng1f3 Bf8g7
5.Bf1c4 O-O
6.O-O Nf6xe4
7.Nc3xe4 d5
8.Bc4xd5 Qd8xd5
9.Rf1e1 Nb8c6
10.c3 Bc8g4
11.h3 Bg4xf3
12.Qd1xf3 e6
13.d3 Ra8d8
14.Re1d1 b5
15.Bc1e3 e5
16.d4 f5
17.Ne4d2 exd4
18.Qf3xd5 Rd8xd5
19.Nd2f3 Rf8d8
20.Be3f2 dxc3
21.Rd1xd5 Rd8xd5
22.bxc3 Bg7xc3
23.Ra1c1 b4
24.Kh2 a5
25.Nf3g5 Rd5d2
26.Bf2e3 Rd2xa2
27.Ng5e6 Ra2a1
28.Rc1xa1 Bc3xa1
29.Ne6xc7 b3
30.Nc7b5 a4
31.Kg1 b2
32.Nb5c3 a3
33.Be3c5 a2
{ resign }
0-1

[Event "Tourn. n8754"]
[Site "www.chess-mail.com"]
[Date "2016.06.01"]
[Round "1"]
[White "0o0o0"]
[Black "Hundegana"]
[WhiteElo "2160"]
[BlackElo "2000"]
[Result "1-0"]
[Round "1"]
1.e4 g6
2.d4 Bf8g7
3.Nb1c3 c6
4.Bf1c4 b5
5.Bc4b3 e6
6.d5 cxd5
7.exd5 e5
8.d6 a6
9.Qd1d5 Qd8f6
10.Qd5xa8 Qf6xd6
11.Nc3e4 Qd6c7
12.Qa8d5 d6
13.Ne4xd6 Qc7xd6
14.Qd5xd6 Nb8d7
15.Bc1g5 h6
16.Bg5e3 Ng8f6
17.Be3c5 Nd7xc5
18.Qd6xc5 Bc8d7
19.Qc5xe5 Kf8
20.O-O-O Nf6e8
21.Qe5c5 Kg8
22.Rd1xd7 Kh7
23.Bb3xf7 Ne8f6
24.Qc5d6 Rh8f8
25.Rd7b7 h5
26.Ng1f3 Kh6
27.Qd6f4 Kh7
28.Nf3g5 Kh8
29.Ng5e6 Nf6d5
30.Qf4g5 Nd5f6
31.Qg5xg6 Rf8xf7
32.Rb7xf7 Nf6e8
33.Rf7xg7 Ne8xg7
34.Qg6xg7 
1-0

[Event "Tourn. n8772"]
[Site "www.chess-mail.com"]
[Date "2016.06.01"]
[Round "1"]
[White "Falcoale"]
[Black "Daquata"]
[WhiteElo "1710"]
[BlackElo "1740"]
[Result "0-1"]
[Round "1"]
1.e4 e5
2.Ng1f3 Nb8c6
3.Bf1c4 Bf8c5
4.O-O Ng8f6
5.d3 d6
6.a3 Bc8g4
7.h3 Bg4h5
8.Nb1d2 O-O
9.Qd1e1 a6
10.b4 Bc5d4
 { time }
0-1

[Event "Tourn. n8780"]
[Site "www.chess-mail.com"]
[Date "2016.06.01"]
[Round "1"]
[White "Viru"]
[Black "Picifarkinca"]
[WhiteElo "1819"]
[BlackElo "1840"]
[Result "0-1"]
[Round "1"]
1.e4 c5
2.c4 d6
3.g3 Nb8c6
4.Ng1f3 Ng8f6
5.d3 Bc8g4
6.Bf1e2 g6
7.a3 Bf8g7
8.Nb1c3 e6
9.O-O h5
10.h4 Qd8d7
11.Bc1f4 a6
12.Nc3a4 Ra8d8
13.Na4b6 Qd7c7
14.Nb6a4 Bg4xf3
15.Be2xf3 Nc6d4
16.Rf1e1 Nd4xf3
17.Qd1xf3 Nf6g4
18.Ra1b1 b5
19.Na4c3 Rd8b8
20.b4 Bg7xc3
21.Re1c1 Bc3d4
22.cxb5 Bd4xf2
23.Kg2 e5
24.Bf4g5 axb5
25.Rc1c2 Bf2d4
26.Rb1f1 f6
27.Bg5xf6 O-O
28.bxc5 Rf8xf6
29.Qf3xg4 hxg4
30.Rf1xf6 Kg7
31.Rf6xd6 b4
32.Rd6a6 b3
33.Rc2f2 Bd4xf2
{ resign }
0-1

[Event "Match"]
[Site "www.echecsemail.com"]
[Date "2016.06.01"]
[Round "1"]
[White "Glenno"]
[Black "Paaliaq"]
[WhiteElo "2420"]
[BlackElo "2330"]
[Result "0-1"]
[Round "1"]
1.e4 e5
2.Ng1f3 Nb8c6
3.Bf1b5 g6
4.O-O Bf8g7
5.c3 a6
6.Bb5a4 Ng8e7
7.d4 exd4
8.cxd4 b5
9.Ba4b3 O-O
10.Nb1c3 Nc6a5
11.Bb3c2 d6
12.h3 Bc8b7
13.Nc3e2 c5
14.d5 Na5c4
15.Ra1b1 Qd8a5
16.Bc2b3 f5
17.Nf3g5 fxe4
18.Ng5xe4 Bb7xd5
19.Ne4xd6 Ra8d8
20.Nd6xc4 bxc4
21.Bc1d2 Qa5c7
22.Bb3c2 Bd5xg2
23.Kxg2 Qc7d6
24.Ne2f4 Qd6c6
25.f3 Rf8xf4
26.Bd2xf4 Rd8xd1
27.Rf1xd1 Ne7d5
28.Bf4g5 Qc6d6
29.Bc2e4 Nd5f4
30.Bg5xf4 Qd6xf4
31.b4 Bg7e5
32.Kf1 Qf4h2
33.Rb1c1 Qh2xh3
34.Ke2 Qh3g2
35.Ke3 Be5d4
36.Rd1xd4 cxd4
37.Kxd4 Qg2d2
38.Kxc4 Qd2xc1
39.Kb3 Kg7
40.a3 h5
41.a4 h4
42.Be4d5 Qc1f4
43.Bd5e6 Qf4e3
44.Kb2 Qe3xe6
45.b5 h3
46.f4 h2
47.f5 Qe6xf5
48.Kb3 h1Q
49.bxa6 Qh1b1
50.Kc4 Qf5e4
51.Kc5 Qb1b4

0-1

[Event "Match"]
[Site "www.echecsemail.com"]
[Date "2016.06.01"]
[Round "1"]
[White "Genius3"]
[Black "Ditto"]
[WhiteElo "1680"]
[BlackElo "1620"]
[Result "0-1"]
[Round "1"]
1.e4 e5
2.Ng1f3 Nb8c6
3.Bf1b5 Bf8c5
4.O-O Ng8e7
5.c3 O-O
6.d4 exd4
7.cxd4 Bc5b6
8.d5 Nc6b8
9.Nb1c3 a6
10.Bb5d3 d6
11.Bd3c2 Bc8g4
12.Qd1e2 Ne7g6
13.Bc1e3 Ng6e5
14.Be3xb6 cxb6
15.Qe2e3 Qd8f6
16.Nf3xe5 Qf6xe5
17.f4 Qe5e7
18.Qe3g3 Bg4d7
19.f5 Qe7f6
20.Ra1e1 Qf6d4
21.Qg3e3 Qd4b4
22.Re1b1 Rf8e8
23.a3 Qb4c4
24.Bc2d3 Qc4c8
25.Rb1c1 f6
26.Qe3f3 Re8f8
27.Nc3e2 Qc8d8
28.Ne2d4 Bd7e8
29.Nd4e6 Qd8e7
30.Rc1c7 Be8d7
31.Rf1c1 b5
 { time }
0-1

[Event "Match"]
[Site "www.echecsemail.com"]
[Date "2016.06.01"]
[Round "1"]
[White "Capitaine"]
[Black "Numanoid"]
[WhiteElo "2330"]
[BlackElo "2460"]
[Result "0-1"]
[Round "1"]
1.e4 e5
2.Ng1f3 Nb8c6
3.Bf1c4 Ng8f6
4.Nf3g5 Bf8c5
5.Bc4xf7 Ke7
6.Bf7d5 Rh8f8
7.O-O d6
8.d3 Bc8g4
9.Qd1d2 h6
10.Ng5h3 Bg4xh3
11.gxh3 Qd8d7
12.Kg2 Nf6xd5
13.exd5 Rf8f3
14.Kxf3 Qd7xh3
15.Ke2 Nc6d4
{ resign }
0-1

[Event "Match"]
[Site "www.echecsemail.com"]
[Date "2016.06.01"]
[Round "1"]
[White "Pare123"]
[Black "Jhzes"]
[WhiteElo "2000"]
[BlackElo "1809"]
[Result "0-1"]
[Round "1"]
1.c4 e5
2.Nb1c3 c6
3.Ng1f3 Qd8f6
4.d3 Bf8c5
5.Bc1g5 Qf6g6
6.Nc3e4 Bc5b4
7.Bg5d2 Bb4xd2
8.Qd1xd2 d6
9.g3 f5
10.Nf3h4 Qg6e6
11.Bf1h3 g6
12.Ne4g5 Qe6f6
13.O-O-O h6
14.Ng5f3 g5
15.Qd2e3 g4
16.Bh3g2 gxf3
17.Bg2xf3 Bc8e6
18.Rh1g1 f4
19.Qe3d2 fxg3
20.fxg3 Nb8d7
21.Qd2a5 Ng8e7
22.Bf3h5 Be6f7
23.Rg1f1 Qf6g5
{ resign }
0-1

[Event "Match"]
[Site "www.echecsemail.com"]
[Date "2016.06.01"]
[Round "1"]
[White "Silent1"]
[Black "Milkyway"]
[WhiteElo "1790"]
[BlackElo "1809"]
[Result "1/2-1/2"]
[Round "1"]
1.d4 d5
2.c4 dxc4
3.Nb1c3 e5
4.d5 c6
5.e4 Bf8b4
6.Bc1d2 cxd5
7.exd5 Bb4d6
8.Bf1xc4 Ng8f6
9.Ng1f3 O-O
10.O-O Nb8d7
11.Qd1c2 Nd7b6
12.Bc4b3 Bc8d7
13.Bd2g5 h6
14.Bg5xf6 Qd8xf6
15.Nc3e4 Qf6e7
16.Ne4xd6 Qe7xd6
17.Rf1d1 Ra8c8
18.Qc2d2 Bd7g4
19.Rd1c1 Bg4xf3
20.gxf3 Kh8
21.a3 Rf8d8
22.Rc1xc8 Rd8xc8
23.Ra1c1 Rc8c5
24.Rc1xc5 Qd6xc5
25.d6 Qc5d4
26.Qd2xd4 exd4
27.Kf1 Kg8
28.Bb3a4 Kf8
29.Ba4b3 f6
30.Ke2 Ke8
31.Kd3 Kd7
32.Kxd4 Kxd6
33.f4 Nb6d7
34.Bb3c2 Nd7c5
35.b4 Nc5e6
36.Ke4 b6
37.Bc2b3 g6
38.h4 Ne6g7
39.Bb3f7 g5
40.fxg5 hxg5
41.hxg5 fxg5
42.Bf7c4 a5
43.bxa5 bxa5
44.f4 { draw }
1/2-1/2

[Event "Match"]
[Site "www.echecsemail.com"]
[Date "2016.06.01"]
[Round "1"]
[White "Pwain"]
[Black "Daquata"]
[WhiteElo "1499"]
[BlackElo "1710"]
[Result "1-0"]
[Round "1"]
1.e4 e5
2.Ng1f3 Nb8c6
3.Bf1b5 a6
4.Bb5a4 Ng8f6
5.O-O b5
6.Ba4b3 d6
7.Nf3g5 { resign }
1-0

[Event "Match"]
[Site "www.echecsemail.com"]
[Date "2016.06.01"]
[Round "1"]
[White "Ipolit"]
[Black "Knightjumper"]
[WhiteElo "1939"]
[BlackElo "1680"]
[Result "1-0"]
[Round "1"]
1.e4 d5
2.exd5 Qd8xd5
3.Nb1c3 Qd5a5
4.d4 c6
5.Ng1f3 Ng8f6
6.Nf3e5 Bc8e6
7.Bc1d2 Nb8d7
8.Ne5d3 g6
9.Bf1e2 Bf8g7
10.Nd3f4 Be6f5
11.g4 Bf5e6
12.Nf4xe6 fxe6
13.Be2c4 Nd7f8
14.Qd1e2 Qa5c7
15.Bc4xe6 Nf8xe6
16.Qe2xe6 Qc7d7
17.Qe6xd7 Kxd7
{ time. }
1-0

[Event "Match"]
[Site "www.echecsemail.com"]
[Date "2016.06.01"]
[Round "1"]
[White "Ditto"]
[Black "Sorren"]
[WhiteElo "1620"]
[BlackElo "1790"]
[Result "1-0"]
[Round "1"]
1.e4 e5
2.Ng1f3 Nb8c6
3.Bf1b5 a6
4.Bb5c4 Bf8c5
5.d3 Ng8f6
6.Bc1g5 O-O
7.Nb1c3 h6
8.Bg5d2 d6
9.O-O Bc8g4
10.h3 Bg4h5
11.Nc3b1 Nc6d4
12.Bd2e3 Nd4xf3
13.gxf3 Qd8d7
14.Kh2 b5
15.Bc4b3 Bc5a7
16.Nb1d2 c5
17.c4 Ra8c8
18.Rf1g1 Bh5g6
19.Nd2f1 Rc8b8
20.cxb5 axb5
21.Nf1g3 Rf8c8
22.Qd1d2 c4
23.dxc4 bxc4
24.Be3xa7 Qd7xa7
25.Bb3c2 Rb8xb2
26.a4 c3
27.Qd2d3 Qa7xf2
28.Rg1g2 Qf2c5
29.a5 Rc8a8
30.a6 Qc5b6
31.a7 Ra8xa7
32.Ra1xa7 Qb6xa7
33.Qd3xc3 Qa7a2
34.Ng3f1 Nf6h5
35.Nf1e3 Nh5f4
36.Rg2f2 Nf4e6
37.Kg3 Ne6d4
38.h4 Nd4xc2
39.Ne3xc2 f5
40.Qc3c8 Kh7
41.exf5 Bg6h5
42.Qc8c7 Qa2f7
43.Qc7xf7 Bh5xf7
44.Rf2d2 Bf7b3
45.Rd2xd6 Rb2xc2
46.Rd6d7 Rc2c6
47.Rd7e7 Bb3c2
48.Kg4  { time }
1-0

[Event "Match"]
[Site "www.echecsemail.com"]
[Date "2016.06.01"]
[Round "1"]
[White "Coraza"]
[Black "Chessexpert"]
[WhiteElo "1740"]
[BlackElo "1480"]
[Result "1-0"]
[Round "1"]
1.e4 e5
2.Bf1c4 Ng8f6
3.d3 c6
4.Ng1f3 d5
5.exd5 cxd5
6.Bc4b5 Bc8d7
7.a4 Bf8d6
8.O-O O-O
9.Bc1g5 a6
10.Bb5xd7 Nb8xd7
11.Nb1c3 Qd8c7
12.Bg5xf6 Nd7xf6
13.Rf1e1 Rf8e8
14.g3 d4
15.Nc3e2 Ra8c8
16.c4 Qc7d7
17.Ne2c1 Qd7c7
18.Nc1b3 b6
19.a5 b5
20.cxb5 axb5
21.a6 Rc8a8
22.Ra1c1 Qc7b6
23.Nb3d2 Ra8xa6
24.Qd1b3 Qb6b7
25.Nf3g5 h6
26.Ng5e4 Nf6xe4
27.Re1xe4 Ra6b6
28.Nd2f3 Re8c8
29.Rc1xc8 Qb7xc8
30.Re4e1 Qc8b7
31.Nf3d2 Rb6c6
32.Nd2e4 Bd6c7
33.Ne4d2  { time }
1-0

[Event "Match"]
[Site "www.echecsemail.com"]
[Date "2016.06.01"]
[Round "1"]
[White "Hundegana"]
[Black "Chessexpert"]
[WhiteElo "1920"]
[BlackElo "1400"]
[Result "1-0"]
[Round "1"]
1.e4 c5
2.c4 d6
3.h3 Nb8c6
4.Ng1f3 Ng8f6
5.d3 g6
6.b3 Bf8g7
7.Bc1b2 O-O
8.Bf1e2 a6
9.O-O b5
10.Nb1d2 Bc8b7
11.a3 Nf6h5
12.Bb2xg7 Kxg7
13.Ra1a2 Nh5f4
14.Kh2 Nf4xe2
15.Qd1xe2 Kg8
16.Nd2b1 Qd8d7
17.Qe2e3 e5
18.Qe3h6 f6
19.Nb1c3 Nc6d4
20.Nf3xd4 cxd4
21.Nc3e2 Qd7g7
22.Qh6xg7 Kxg7
23.f4 Ra8c8
24.fxe5 fxe5
25.Rf1xf8 Rc8xf8
26.Kg1 Bb7c6
27.Ne2g3 h5
28.h4 Rf8f4
29.Ra2f2 Rf4xh4
30.Ng3e2 Rh4g4
31.Kh2 Rg4h4
32.Kg1 Bc6d7
33.g3 Rh4g4
34.Kg2 h4
35.Kh2 hxg3
36.Ne2xg3 Rg4h4
37.Kg1 Rh4h3
38.Kg2 Rh3h8
39.b4 bxc4
40.dxc4 Bd7e6
41.c5 dxc5
42.bxc5 Rh8c8
43.Rf2c2 Rc8b8
44.c6 Rb8c8
45.c7 d3
46.Rc2d2 Rc8xc7
47.Rd2xd3 Be6c4
48.Rd3e3 Bc4b5
49.Kf3 Kf6
50.Ng3h1 Rc7c1
51.Nh1g3 Rc1b1
52.Kg2 Rb1b2
53.Kg1 Rb2a2
54.Kh1 Ra2a1
55.Kg2  { time }
1-0

[Event "Match"]
[Site "www.echecsemail.com"]
[Date "2016.06.01"]
[Round "1"]
[White "Sagara1977"]
[Black "Azulmarino"]
[WhiteElo "1430"]
[BlackElo "1460"]
[Result "0-1"]
[Round "1"]
1.e4 e5
2.Qd1f3 Ng8f6
3.Bf1c4 d6
4.Ng1h3 Bc8xh3
5.Qf3xh3 Nb8c6
6.Nb1c3 a6
7.d3 Bf8e7
8.Qh3f3 Nc6b4
 { time }
0-1

[Event "1/32 Finale"]
[Site "www.chess-mail.com"]
[Date "2016.06.01"]
[Round "1"]
[White "Seger"]
[Black "Derfel83"]
[WhiteElo "2760"]
[BlackElo "2080"]
[Result "1-0"]
[Round "1"]
1.Ng1f3 c5
2.d4 e6
3.e4 d5
4.Bf1b5 Bc8d7
5.Bb5xd7 Qd8xd7
6.exd5 Qd7xd5
7.Nb1c3 Qd5c4
8.d5 Ng8f6
9.Nf3e5 Qc4d4
10.Qd1e2 Nb8d7
11.Ne5xd7 { resign }
1-0

[Event "Tourn. n8737"]
[Site "www.chess-mail.com"]
[Date "2016.06.02"]
[Round "1"]
[White "Blackpool"]
[Black "Falcoale"]
[WhiteElo "1740"]
[BlackElo "1760"]
[Result "1-0"]
[Round "1"]
1.d4 Ng8f6
2.Ng1f3 b6
3.c4 Bc8b7
4.Nb1c3 e6
5.Bc1g5 h6
6.Bg5h4 Bf8e7
7.e3 d5
8.Bf1d3 Nf6e4
9.Bh4xe7 Qd8xe7
10.O-O O-O
11.cxd5 exd5
12.Nf3e5 Nb8d7
13.Ne5xd7 Qe7xd7
14.Bd3xe4  { time }
1-0

[Event "Tourn. n8699"]
[Site "www.chess-mail.com"]
[Date "2016.06.02"]
[Round "1"]
[White "Chessexpert"]
[Black "Azulmarino"]
[WhiteElo "1450"]
[BlackElo "1490"]
[Result "0-1"]
[Round "1"]
1.d4 d5
2.Bc1f4 Nb8c6
3.e3 Ng8f6
4.Ng1f3 Bc8g4
5.Bf1e2 Bg4xf3
6.Be2xf3 e6
7.O-O Bf8d6
8.Bf4xd6 Qd8xd6
9.Nb1d2 h5
10.c3 h4
11.h3 O-O-O
12.Qd1a4 g5
13.c4 b6
14.cxd5 exd5
15.Ra1c1 Nc6a5
16.b4 g4
17.hxg4 h3
18.g3 h2
19.Kg2 Qd6e6
20.bxa5 Nf6xg4
21.axb6 axb6
22.Qa4a8 Kd7
23.Qa8xd5 Ke7
24.Rc1xc7 Rd8d7
25.Rc7xd7 Kf6
26.Qd5xe6 fxe6
27.Bf3xg4 b5
28.Rf1h1 b4
29.Rh1xh2 Rh8a8
30.Rh2h6 Kg5
31.Rd7h7 Ra8xa2
32.Nd2f3 Kxg4
 { time }
0-1

[Event "Tourn. n8688"]
[Site "www.chess-mail.com"]
[Date "2016.06.02"]
[Round "1"]
[White "Cal"]
[Black "Chessexpert"]
[WhiteElo "1670"]
[BlackElo "1400"]
[Result "1-0"]
[Round "1"]
1.c4 e6
2.e4 c5
3.Nb1c3 Nb8c6
4.a3 d6
5.b3 Ng8f6
6.d3 Bf8e7
7.Ng1f3 O-O
8.Bf1e2 d5
9.cxd5 exd5
10.e5 Nf6e8
11.h3 Ne8c7
12.O-O Bc8e6
13.Bc1f4 b5
14.Qd1d2 a6
15.Bf4g5 Nc6d4
16.Bg5xe7 Nd4xe2
17.Nc3xe2 Qd8xe7
18.d4 c4
19.bxc4 dxc4
20.Ne2c3 Rf8d8
21.Qd2f4 Nc7d5
22.Nc3xd5 Be6xd5
23.Nf3g5 h6
24.Ng5e4 Bd5xe4
25.Qf4xe4 Qe7e6
26.f4 Qe6d5
27.Qe4xd5 Rd8xd5
28.Ra1d1 Ra8d8
29.f5 Rd5xd4
30.Rd1xd4 Rd8xd4
31.Rf1e1 c3
32.e6 Kf8
33.e7 Ke8
34.Re1c1 Rd4c4
35.g4 a5
36.Kg2 Kxe7
37.Rc1c2 b4
38.axb4 axb4
39.Kf3 b3
40.Rc2e2 Kf6
41.h4 c2
42.g5 hxg5
43.hxg5 Kxf5
44.Re2d2 c1Q
45.Rd2d5 Kg6
46.Rd5d6 f6
47.gxf6 Rc4f4
48.Ke2  { time }
1-0

[Event "Tourn. n8770"]
[Site "www.chess-mail.com"]
[Date "2016.06.02"]
[Round "1"]
[White "Cal"]
[Black "Azulmarino"]
[WhiteElo "1520"]
[BlackElo "1470"]
[Result "0-1"]
[Round "1"]
1.c4 c5
2.Nb1c3 d6
3.h3 a6
4.e4 e5
5.Ng1f3 h6
6.d3 Nb8c6
7.a3 Bc8e6
8.Bf1e2 Ng8f6
9.O-O Bf8e7
10.Bc1e3 Qd8c7
11.Nf3h2 Qc7d7
12.f4 Be6xh3
13.f5 g6
14.gxh3 gxf5
15.Rf1xf5 Rh8g8
16.Kf1 O-O-O
17.Be3xh6 Nc6d4
18.b4 Nd4xf5
19.exf5 Qd7xf5
20.Be2f3 Qf5xh3
21.Ke2 Qh3xh2
22.Ke1 Rg8g1
{ resign }
0-1

[Event "Tourn. n8721"]
[Site "www.chess-mail.com"]
[Date "2016.06.02"]
[Round "1"]
[White "Daquata"]
[Black "Azulmarino"]
[WhiteElo "1620"]
[BlackElo "1440"]
[Result "1-0"]
[Round "1"]
1.e4 e5
2.Ng1f3 Nb8c6
3.Bf1c4 h6
4.d4 d6
5.dxe5 Bc8g4
6.exd6 cxd6
7.O-O Nc6e5
8.Bc4e2 Qd8f6
9.Nb1d2 Qf6g6
10.Be2b5 Kd8
11.Bb5e2 Bg4h3
12.Nf3h4 Qg6g5
13.Kh1 Qg5xh4
14.gxh3 Qh4xh3
15.Rf1g1 Ng8f6
16.Rg1g3 Qh3h4
17.Be2d3 Nf6g4
18.Qd1g1 Bf8e7
19.Nd2c4 Ra8c8
20.Nc4xe5 Ng4xe5
21.Rg3xg7 Ne5f3
22.Qg1g3 Nf3e1
23.Qg3xh4 Be7xh4
24.Bc1e3 Ne1f3
25.Rg7xf7 Nf3e5
26.Rf7xb7 Rh8g8
27.Ra1g1 Ne5g4
28.Bd3e2 Rc8xc2
29.Rb7b8 Kd7
30.Be2b5 Ke6
31.Rb8xg8 Bh4xf2
32.Rg1xg4 Rc2xb2
33.Be3xf2 Rb2xb5
34.Rg8g6 Kd7
35.Rg6xh6 Rb5b1
36.Rg4g1 Rb1b2
37.Bf2xa7 Rb2xa2
38.Rg1d1 Ra2xa7
39.Rh6h7 Ke6
40.Rh7xa7 Ke5
41.h4 { resign }
1-0